Ce que Ronaldo à de plus que Messi - Statistiques

Statistiques générales
  • Ce quiz a été pris 602 fois
  • Le résultat moyen est 11 sur 24
Answers on the Grid
Answers color-coded by a green-red scale on the quiz's grid according to % correct below.
Détente
But du pied droit
But du pied gauche
But de la tête
Mauvais pied
Vitesse
Acceleration
Puissance
Acrobaties
Hygiène de vie
Champions League
Buts
Passes décisive
Buts en Champions League
Passes Décisive en Champions League
But en phase de groupe de Champions league
But à partir des 8ème de Champions League
Besoin de jouer au Real ou au Barça
Variété de clubs
Adaptabilité
Motivation & Mental
Ballons d'Or
Ballons d'Or mérité
Hat Tricks
Nombres de postes joué
Appels & Déplacements
Joueur Décicive
Face au Bayern
Face à la Juve
Face à Elche
Face à Levante
Formé par Iniesta & Xavi
 
Statistiques - réponses
Réponse % Correct
Détente
82%
But du pied droit
81%
But de la tête
77%
Champions League
74%
Buts
73%
Hygiène de vie
73%
Puissance
67%
Buts en Champions League
62%
Vitesse
60%
Acrobaties
59%
Mauvais pied
47%
Acceleration
46%
Passes Décisive en Champions League
34%
Variété de clubs
29%
Ballons d'Or mérité
25%
But à partir des 8ème de Champions League
25%
Hat Tricks
24%
Motivation & Mental
24%
Face au Bayern
21%
Adaptabilité
20%
Face à la Juve
20%
Nombres de postes joué
17%
Appels & Déplacements
16%
Joueur Décicive
12%
Aucun quiz correspondant
Distribution des résultats
% des personnes avec chaque résultat
Percentile par nombre de réponses
Votre historique - résultats
Vous n’avez pas pris ce quiz